[Event "AUTO-OPEN-2603"]
[Site "http://www.queenalice.com/game.php?id=1027214"]
[Date "2012.2.7"]
[Round "1"]
[White "jepoy100"]
[Black "Maxi"]
[Result "1-0"]
[WhiteElo "2044"]
[BlackElo "1945"]

1. e4 e5 2. Bc4 Bc5 3. Nc3 d6 4. d3 Nf6 5. h3 h6 6. Be3 Bxe3 7. fxe3 O-O 8. Nf3
a6 9. O-O c5 10. a3 b5 11. Ba2 Bd7 12. Qe1 a5 13. Nd5 b4 14. Nxf6+ Qxf6 15. Nh4
Qg5 16. Nf5 Ra6 17. Bc4 Rb6 18. axb4 axb4 19. Ra7 g6 20. Ng3 Qe7 21. Qf2 Nc6 22.
Bd5 Nxa7 23. Ne2 Qg5 24. Kh2 Nb5 25. Qf3 Nc7 26. Bb3 Ra6 27. Ng1 Be6 28. Bxe6
Nxe6 29. Ne2 Ra2 30. Rb1 Rfa8 31. Rf1 R8a7 32. Rb1 Rb7 33. Nc1 Ra6 34. Ne2 1-0

[Event "AUTO-OPEN-2603"]
[Site "http://www.queenalice.com/game.php?id=1027215"]
[Date "2012.2.7"]
[Round "1"]
[White "Maxi"]
[Black "jepoy100"]
[Result "0-1"]
[WhiteElo "1999"]
[BlackElo "2031"]

1. d4 d5 2. Bf4 Nf6 3. e3 e6 4. Bd3 Be7 5. Qf3 a6 6. Be5 Nc6 7. Bxf6 Bxf6 8. Ne2
Bd7 9. c3 Qe7 10. Ng3 O-O-O 11. Nh5 Na5 12. b4 Nc4 13. Bxc4 dxc4 14. Nd2 Bc6 15.
Qg3 b5 16. O-O g6 17. Nxf6 Qxf6 18. e4 h5 19. Rfe1 g5 20. Nf3 Rdg8 21. Ne5 Bb7
22. Re3 g4 23. h3 h4 24. Nxg4 Qg5 25. Qe5 Qg6 26. Qf6 Qxf6 27. Nxf6 Rg6 0-1

[Event "AUTO-OPEN-2603"]
[Site "http://www.queenalice.com/game.php?id=1027236"]
[Date "2012.2.7"]
[Round "1"]
[White "Maxi"]
[Black "MaxKpo"]
[Result "1-0"]
[WhiteElo "1933"]
[BlackElo "2020"]

1. d4 d5 2. Bf4 Bf5 3. e3 a6 4. Bd3 Bxd3 5. Qxd3 Nc6 6. Nf3 e6 7. O-O Nb4 8. Qc3
Bd6 9. Bxd6 Qxd6 10. Nbd2 Nf6 11. Nb3 Ne4 12. Qe1 Nxc2 13. Qa5 Nxa1 14. Rxa1 b6
15. Qa4+ c6 16. Ne5 b5 17. Qa5 O-O 18. f3 Nf6 19. Qb6 Rfc8 20. Nc5 a5 21. Nb3 a4
22. Na5 Nd7 23. Nxd7 Qxd7 24. Rc1 Rc7 25. Rxc6 1-0

[Event "AUTO-OPEN-2603"]
[Site "http://www.queenalice.com/game.php?id=1027237"]
[Date "2012.2.7"]
[Round "1"]
[White "MaxKpo"]
[Black "Maxi"]
[Result "0-1"]
[WhiteElo "2001"]
[BlackElo "1952"]

1. e4 e5 2. f4 exf4 3. d3 Bc5 4. Bxf4 Bxg1 5. Rxg1 d6 6. Nc3 Qh4+ 7. Bg3 Qg5 8.
Nd5 Qd8 9. Qf3 Be6 10. Nf4 Qf6 11. c3 Nh6 12. d4 O-O 13. Be2 Re8 14. h3 a6 15.
O-O-O Bxa2 16. Bf2 Nc6 17. Qg3 Rxe4 18. Nh5 Qg6 19. Qf3 Qg5+ 20. Kc2 Rae8 21.
Ng3 R4e7 22. Rge1 Na5 23. Ra1 Bb3+ 24. Kd3 Qg6+ 0-1

[Event "AUTO-OPEN-2603"]
[Site "http://www.queenalice.com/game.php?id=1027238"]
[Date "2012.2.7"]
[Round "1"]
[White "Maxi"]
[Black "RenatoAraujo"]
[Result "0-1"]
[WhiteElo "2007"]
[BlackElo "2195"]

1. d4 Nf6 2. Bf4 g6 3. e3 Bg7 4. Qf3 d5 5. Be5 Nc6 6. Bb5 O-O 7. Bxc6 bxc6 8.
Qg3 Ne4 9. Qf4 g5 10. Qf3 f6 11. Bg3 Bd7 12. Ne2 g4 13. Qf4 e5 14. dxe5 fxe5 15.
Qxf8+ Qxf8 16. O-O Rb8 17. b3 Qe7 18. Rd1 h5 19. f3 Nxg3 20. Nxg3 Qg5 21. Re1
gxf3 22. gxf3 h4 23. Kg2 hxg3 24. hxg3 e4 25. c3 exf3+ 0-1

[Event "AUTO-OPEN-2603"]
[Site "http://www.queenalice.com/game.php?id=1027239"]
[Date "2012.2.7"]
[Round "1"]
[White "RenatoAraujo"]
[Black "Maxi"]
[Result "1-0"]
[WhiteElo "2188"]
[BlackElo "2016"]

1. e4 e5 2. Nf3 d6 3. d4 Bg4 4. dxe5 Bxf3 5. Qxf3 dxe5 6. Bc4 Nf6 7. Qb3 Bb4+ 8.
Qxb4 b6 9. Bg5 c5 10. Qa4+ Nbd7 11. Nc3 O-O 12. O-O-O Re8 13. Bxf6 Qxf6 14. Rxd7
Re7 15. Nd5 Qg5+ 16. f4 Qxg2 17. Nxe7+ Kf8 18. Rhd1 g6 19. Qc6 Rb8 20. Qd6 Kg7
21. Qxe5+ Kh6 22. Qxb8 Qxe4 23. Bxf7 c4 24. Qf8+ Kh5 25. R7d5+ Kg4 26. Rg5+ 1-0

[Event "AUTO-MASTER-1584"]
[Site "http://www.queenalice.com/game.php?id=1027334"]
[Date "2012.2.7"]
[Round "1"]
[White "oaitsabes"]
[Black "Maxi"]
[Result "1-0"]
[WhiteElo "2226"]
[BlackElo "2034"]

1. f4 d5 2. Nf3 Bf5 3. e3 e6 4. c3 Bxb1 5. Rxb1 Bd6 6. Bb5+ c6 7. Ba4 Nf6 8. O-O
Nbd7 9. b4 O-O 10. Bc2 a5 11. a3 Nb6 12. Ne5 axb4 13. axb4 Bxe5 14. fxe5 Nfd7
15. d4 Nc8 16. Qh5 g6 17. Qh6 Ncb6 18. e4 dxe4 19. Bxe4 Nc4 20. Bg5 1-0

[Event "AUTO-MASTER-1584"]
[Site "http://www.queenalice.com/game.php?id=1027335"]
[Date "2012.2.7"]
[Round "1"]
[White "Maxi"]
[Black "oaitsabes"]
[Result "0-1"]
[WhiteElo "2043"]
[BlackElo "2219"]

1. d4 Nf6 2. Bf4 g6 3. e3 Bg7 4. Qf3 d5 5. Bd3 O-O 6. Nc3 c5 7. dxc5 Nc6 8. Be5
Nxe5 9. Qe2 Qa5 10. O-O-O Nxd3+ 11. Qxd3 Bf5 12. Qd2 Qxc5 13. h3 Rfd8 14. Nge2
e5 15. g4 Be4 16. Rhf1 Bg2 17. Rg1 Bxh3 18. g5 Ne4 19. Qd3 Nxf2 0-1

[Event "AUTO-MASTER-1584"]
[Site "http://www.queenalice.com/game.php?id=1027352"]
[Date "2012.2.7"]
[Round "1"]
[White "Maxi"]
[Black "Esvir"]
[Result "0-1"]
[WhiteElo "1984"]
[BlackElo "1919"]

1. d4 d5 2. Bf4 c5 3. e3 c4 4. Bxb8 Rxb8 5. h3 Nf6 6. Nc3 a6 7. b3 b5 8. a4 e6
9. axb5 Bb4 10. Qd2 Ne4 11. Qc1 Bxc3+ 12. Ke2 Bxa1 13. Qxa1 axb5 14. bxc4 bxc4
15. Ke1 Qf6 16. Nf3 O-O 17. Be2 Bd7 18. Bd1 c3 19. Rf1 Ra8 20. Qc1 Rfb8 21. Be2
Rb2 22. Bd3 Rab8 23. Ke2 Rb1 24. Qa3 Rxf1 25. Kxf1 g5 26. Bxe4 dxe4 27. Ne5 Rb1+
28. Ke2 Bb5+ 29. Nd3 exd3+ 30. cxd3 Rb2+ 31. Kd1 Qxf2 32. Qxc3 Rb1+ 33. Qc1
Rxc1+ 34. Kxc1 Qxe3+ 35. Kc2 Qxd3+ 0-1

[Event "AUTO-MASTER-1584"]
[Site "http://www.queenalice.com/game.php?id=1027353"]
[Date "2012.2.7"]
[Round "1"]
[White "Esvir"]
[Black "Maxi"]
[Result "1-0"]
[WhiteElo "1966"]
[BlackElo "1961"]

1. d4 d5 2. Nf3 Bf5 3. Nc3 e6 4. Bg5 f6 5. Bh4 Bb4 6. e3 Bxc3+ 7. bxc3 Qd7 8. c4
Qa4 9. c3 Qa3 10. Qb3 Qxb3 11. axb3 Be4 12. Be2 dxc4 13. bxc4 c6 14. O-O Ne7 15.
Nd2 Bg6 16. c5 O-O 17. Bc4 Bf7 18. Ne4 Nf5 19. Bg3 Nd7 20. Nd2 Nxg3 21. fxg3 e5
22. Rab1 b6 23. Bxf7+ Kxf7 24. cxb6 axb6 25. dxe5 Nxe5 26. Rxb6 Rfd8 27. Nf3 Nc4
28. Rxc6 Nxe3 29. Re1 Rd3 30. Kf2 Ra2+ 31. Kg1 Nxg2 32. Rf1 Ne3 33. Ne5+ Ke7 34.
Nxd3 Nxf1 35. Kxf1 Rxh2 36. Rc7+ 1-0

[Event "AUTO-MASTER-1584"]
[Site "http://www.queenalice.com/game.php?id=1027354"]
[Date "2012.2.7"]
[Round "1"]
[White "Maxi"]
[Black "Bruscato"]
[Result "0-1"]
[WhiteElo "1965"]
[BlackElo "2272"]

1. d4 Nf6 2. Bf4 d5 3. e3 e6 4. Bd3 Bd6 5. Qf3 O-O 6. Bg5 Be7 7. Nc3 h6 8. Bh4
c5 9. dxc5 Nbd7 10. b4 a5 11. bxa5 Rxa5 12. e4 dxe4 13. Nxe4 Ne5 14. Qe3 Nd5 15.
Bxe7 Nxe7 16. Nf3 Nf5 17. Qe2 Nxf3+ 18. Qxf3 Nd4 19. Qd1 f5 20. Nc3 Rxc5 21. Ne2
Qa5+ 22. Qd2 Qa4 23. c3 Nxe2 24. Bxe2 Rd5 25. Qb2 Rfd8 26. O-O Rd2 27. Qb5 Qa3
28. Qc4 Rc2 29. Qc7 Qd6 30. Qc4 Qc6 31. Rfc1 Rdd2 32. Bd3 Qxc4 33. Bxc4 Rxf2 0-1

[Event "AUTO-MASTER-1584"]
[Site "http://www.queenalice.com/game.php?id=1027355"]
[Date "2012.2.7"]
[Round "1"]
[White "Bruscato"]
[Black "Maxi"]
[Result "1-0"]
[WhiteElo "2183"]
[BlackElo "2026"]

1. e4 e5 2. f4 Qh4+ 3. g3 Qf6 4. d3 g6 5. fxe5 Qxe5 6. Nf3 Qe6 7. Nc3 Bb4 8. Bd2
Nf6 9. Bg2 Nc6 10. O-O O-O 11. a3 Bc5+ 12. Kh1 Re8 13. Ng5 Qe7 14. Nd5 Nxd5 15.
exd5 Ne5 16. b4 Bd6 17. d4 Nc4 18. Nxf7 b6 19. Nh6+ Kh8 20. Bg5 Ne3 21. Bxe7
Nxd1 22. Bf6# 1-0